Djadikan Indonesia Poros The New Emerging Forces! (Record no. 61527)

MARC details
000 -LEADER
fixed length control field 00738cam a22002051 4500
001 - CONTROL NUMBER
control field sa 65000373
003 - CONTROL NUMBER IDENTIFIER
control field DLC
005 - DATE AND TIME OF LATEST TRANSACTION
control field 20260227112102.0
008 - FIXED-LENGTH DATA ELEMENTS--GENERAL INFORMATION
fixed length control field 890913s1964 io 000 0 ind
010 ## - LIBRARY OF CONGRESS CONTROL NUMBER
LC control number sa 65000373
035 ## - SYSTEM CONTROL NUMBER
System control number (OCoLC)23536954
040 ## - CATALOGING SOURCE
Original cataloging agency DLC
Transcribing agency MiU
Modifying agency DLC
042 ## - AUTHENTICATION CODE
Authentication code premarc
050 00 - LIBRARY OF CONGRESS CALL NUMBER
Classification number DS644.2.1964
Item number .S82
100 0# - MAIN ENTRY--PERSONAL NAME
Personal name Soekarno,
Dates associated with a name 1901-1970.
245 10 - TITLE STATEMENT
Title Djadikan Indonesia Poros The New Emerging Forces!
Remainder of title Amanat pada resepsi penutupan Kongres Persatuan Wanita Kristen Indonesia pada tanggal 28 Februari 1964,
Statement of responsibility, etc. di Istana Olahraga Gelora Bung Karno, Senajan, Djakarta.
260 ## - PUBLICATION, DISTRIBUTION, ETC.
Place of publication, distribution, etc. [Djakarta]
Name of publisher, distributor, etc. Departemen Penerangan
Date of publication, distribution, etc. [cover 1964]
300 ## - PHYSICAL DESCRIPTION
Extent 14 p.
Other physical details port.
Dimensions 21 cm.
500 ## - GENERAL NOTE
General note "Penerbitan chusus, 304."

No items available.

Powered by Koha